| 000 | 00473nam a22001697a 4500 | ||
|---|---|---|---|
| 003 | OSt | ||
| 005 | 20230728123801.0 | ||
| 008 | 130928t xxu||||| |||| 00| 0 eng d | ||
| 020 | _a978-0-316-05537-6 | ||
| 050 |
_aPZ 7 _b.H37 2009 |
||
| 245 |
_aCharmed and dangerous: the rise of the pretty committe _cHarrison, Lisi |
||
| 260 |
_aNew York _bPoppy _c2009 |
||
| 300 |
_a175pp _c19 cm. |
||
| 650 |
_aShort stories _xCollection. _922022 |
||
| 942 |
_2lcc _cBK |
||
| 999 |
_c12263 _d12263 |
||